<?xml version="1.0" encoding="UTF-8"?>
<record
    xmlns:xsi="http://www.w3.org/2001/XMLSchema-instance"
    xsi:schemaLocation="http://www.loc.gov/MARC21/slim http://www.loc.gov/standards/marcxml/schema/MARC21slim.xsd"
    xmlns="http://www.loc.gov/MARC21/slim">

  <leader>01409nam a22001817a 4500</leader>
  <controlfield tag="003">IT-RoPau</controlfield>
  <controlfield tag="005">20220918181102.0</controlfield>
  <controlfield tag="008">130325b        xxu||||| |||| 00| 0 eng d</controlfield>
  <datafield tag="040" ind1=" " ind2=" ">
    <subfield code="c">IT-RoPau</subfield>
  </datafield>
  <datafield tag="100" ind1=" " ind2=" ">
    <subfield code="a">VII Capitolo Generale</subfield>
    <subfield code="9">498</subfield>
  </datafield>
  <datafield tag="245" ind1=" " ind2=" ">
    <subfield code="a">"Vuestra parroquia es el mundo", Reflexiones capitulares</subfield>
    <subfield code="b">Reflexiones capitulares para el VII Cap&#xED;tulo General de la Sociedad de San Pablo</subfield>
  </datafield>
  <datafield tag="250" ind1=" " ind2=" ">
    <subfield code="a">1&#xB0; ed</subfield>
  </datafield>
  <datafield tag="260" ind1=" " ind2=" ">
    <subfield code="a">Roma</subfield>
    <subfield code="b">SSP Casa General</subfield>
    <subfield code="c">1998</subfield>
  </datafield>
  <datafield tag="300" ind1=" " ind2=" ">
    <subfield code="a">96 pp.</subfield>
    <subfield code="c">21 cm</subfield>
  </datafield>
  <datafield tag="490" ind1=" " ind2=" ">
    <subfield code="a">Sociedad de San Pablo</subfield>
    <subfield code="v">1&#xB0; fasc&#xED;culo</subfield>
  </datafield>
  <datafield tag="520" ind1=" " ind2=" ">
    <subfield code="a">Indice

Presentaci&#xF3;n del  P. Pietro Campus, Superior General
A manera de introducci&#xF3;n

Los tres escenarios
I. escenario: La Iglesia en el Mundo
Los desaf&#xED;os que hoy tiene planteados la acci&#xF3;n pastoral, de Casiano Florist&#xE1;n
II Escenario: El paulino en la Iglesia y en el mundo
El paulino ante el reto de la nueva evangelizaci&#xF3;n, de Manuel de Unciti Ayerdi
Escenario III: El Ministerio del Paulino
La actualizaci&#xF3;n de la misi&#xF3;n de Silvio Sassi

Iluminaci&#xF3;n
Las tres partes de la "iluminaci&#xF3;n" de Bartolomeo Sorge
Primera parte. Fidelidad din&#xE1;mica al carisma del P.  Alberione
Segunda parte. Las nuevas dimensiones de la misi&#xF3;n paulina
Tercera parte. Como contemplativos  en la comunicaci&#xF3;n social

Reflexiones en vista de las elecciones
Elegir a trav&#xE9;z del disciernimiento para gobernar en el servicio, de Jos&#xE9; M. Arn&#xE1;iz</subfield>
  </datafield>
  <datafield tag="942" ind1=" " ind2=" ">
    <subfield code="2">ddc</subfield>
    <subfield code="c">BK</subfield>
  </datafield>
  <datafield tag="999" ind1=" " ind2=" ">
    <subfield code="c">98279</subfield>
    <subfield code="d">98279</subfield>
  </datafield>
  <datafield tag="952" ind1=" " ind2=" ">
    <subfield code="0">0</subfield>
    <subfield code="1">0</subfield>
    <subfield code="2">ddc</subfield>
    <subfield code="4">0</subfield>
    <subfield code="6">P_C4</subfield>
    <subfield code="7">1</subfield>
    <subfield code="a">PAULUS</subfield>
    <subfield code="b">PAULUS</subfield>
    <subfield code="d">2013-03-25</subfield>
    <subfield code="l">0</subfield>
    <subfield code="o">P C4</subfield>
    <subfield code="r">2013-03-25 00:00:00</subfield>
    <subfield code="w">2013-03-25</subfield>
    <subfield code="y">BK</subfield>
  </datafield>
</record>
